Research for marketing decisions (Record no. 56299)

MARC details
000 -LEADER
fixed length control field 00714nam a2200205 a 4500
008 - FIXED-LENGTH DATA ELEMENTS--GENERAL INFORMATION
fixed length control field 120416s1975 ||||||||||||||||| || u
020 ## - INTERNATIONAL STANDARD BOOK NUMBER
International Standard Book Number 0137742088
050 ## - LIBRARY OF CONGRESS CALL NUMBER
Classification number HF 5415.2 Gre
100 ## - MAIN ENTRY--PERSONAL NAME
Personal name Green, Paul E
245 10 - TITLE STATEMENT
Title Research for marketing decisions
250 ## - EDITION STATEMENT
Edition statement 3rd ed.
260 ## - PUBLICATION, DISTRIBUTION, ETC.
Place of publication, distribution, etc. Englewood Cliffs, N.J. :
Name of publisher, distributor, etc. Prentice-Hall
Date of publication, distribution, etc. 1975.
300 ## - PHYSICAL DESCRIPTION
Extent xiv, 786p. : ill.
350 ## - PRICE (NR) (BK AM CF MU VM SE) [OBSOLETE]
Price 0.00
490 ## - SERIES STATEMENT
Series statement Prentice-Hall international series in management
500 ## - GENERAL NOTE
General note Bibliography.
650 #0 - SUBJECT ADDED ENTRY--TOPICAL TERM
Topical term or geographic name entry element MARKETING RESEARCH
700 ## - ADDED ENTRY--PERSONAL NAME
Personal name Tull, Donald S
995 ## - RECOMMENDATION 995 [LOCAL, UNIMARC FRANCE]
-- 0.00
-- CBU-MAIN LIBRARY (Kitwe)
-- 1
-- 24.85
-- DAMAGED
-- May 31, 2006
-- Main Library Open Access Collection
Holdings
Withdrawn status Lost status Source of classification or shelving scheme Damaged status Not for loan Home library Current library Shelving location Date acquired Total Checkouts Full call number Barcode Date last seen Price effective from Koha item type
          CBU-MAIN LIBRARY, KITWE. CBU-MAIN LIBRARY, KITWE.   11/30/2022   HF 5415.2 Gre 005683 11/30/2022 11/30/2022 MONOGRAPH